Music Quiz

Random Music or Song Quiz
Score 0/15 Timer 08:00
0 Plays Today
Question Answer Wrong Answers
There's a fire starting in my heart Reaching a fever pitch and it's bringing me out the dark Rolling in the deep
100%
All star
0%
Hello
0%
But if you close your eyes Does it almost feel like Nothing changed at all? Pompeii
86.7%
Radioactive
6.7%
Chlorine
0%
You may say, I’m a dreamer but, I’m not the only one Imagine
86.7%
Hey Jude
0%
Ride
6.7%
Thunder
6.7%
I used to roll the dice, feel the fears in my enemies eyes Viva la Vida
81.8%
Thunder
0%
Ride
9.1%
Car radio
9.1%
Used to play pretend Give eachother different names Build a rocketship and fly far away Stressed out
80%
Sky full of stars
6.7%
Demons
6.7%
Thriller
0%
Offer me that deathless death Good God, let me give you my life Take me to Church
78.6%
Radioactive
7.1%
Colors
7.1%
Demons
0%
'I used to rule the world, Seas would rise when I gave the word.' Viva la Vida
77.3%
Something Just Like this
4.5%
All Star
9.1%
We did'nt start the Fire
4.5%
I'm waking up to ash and dust Radioactive
77.3%
Thunder
18.2%
Stressed out
4.5%
You could beat the world, You could beat the war You could talk to God, go banging on his door Hall of Fame
72.7%
Sky full of stars
4.5%
Stardust
4.5%
Burn out
9.1%
East is up, I'm fearless when I hear this on the low East is up, I'm careless when I wear my rebel clothes Nico and the Niners
71.4%
Demons
21.4%
Bandito
7.1%
Thunder
0%
I'll know where several are If my dreams get real bizzare Fireflies
64.3%
When Can i See You Again?
14.3%
Safe and Sound
7.1%
Morph
7.1%
I howled at the moon with friends And then the sun came crashing in Best day of my life
59.1%
Lose yourself
9.1%
Safe and Sound
4.5%
Just not for long, for long, And live with me forever now, You pull the blackout curtains down, Just not for long, for long, Immortals
57.1%
Selene
7.1%
Centuries
28.6%
Sky full of stars
7.1%
You could be my luck, Even if the sky is falling down... Safe and Sound
54.5%
Sky full of Stars
36.4%
Vivir mi Vida
9.1%
Thief
0%
I can feel pressure start to possess my mind, So I'll take this beat I should delete to exercise. Pet cheetah
40.9%
Nico and the Niners
18.2%
Radioactive
13.6%
Ride
18.2%

You're not logged in!

Compare scores with friends on all Sporcle quizzes.
OR
Log In

Sporcle TV

Today on Sporcle TV


Watch our educational content, quiz creation guides, and fun videos on Sporcle TV.

Show Comments

Extras

Created Oct 1, 2019ReportNominate
Tags:Song Quiz, multiple

Top Quizzes Today


Score Distribution

Paid Content

Your Account Isn't Verified!

In order to create a playlist on Sporcle, you need to verify the email address you used during registration. Go to your Sporcle Settings to finish the process.

Report this User

Report this user for behavior that violates our Community Guidelines.

Details: